| 000 | 00601nam a2200229 4500 | ||
|---|---|---|---|
| 001 | 765145 | ||
| 005 | 20180111092637.0 | ||
| 008 | 710510s1971 mauabe b 001 0 eng | ||
| 010 | _a 70134955 | ||
| 020 | _a0674198700 | ||
| 040 |
_aDLC _cDLC _dDLC |
||
| 041 | _aeng | ||
| 080 | _a712.09 | ||
| 082 | 0 | 0 | _a712.09 NEW |
| 100 | 1 | _a41 | |
| 101 | _aARK | ||
| 245 | 1 | 0 |
_aDesign on the land; _c[by] Norman T. Newton. |
| 350 | _a$25.00 | ||
| 504 | _aBibliography: p. 677-689. | ||
| 906 |
_a7 _bcbc _corignew _d2 _encip _f19 _gy-gencatlg |
||
| 942 |
_2ddc _cBK |
||
| 999 |
_c40149 _d40149 |
||